| 000 | 00454nam a2200157 4500 | ||
|---|---|---|---|
| 001 | 120792 | ||
| 003 | ES-MaACL | ||
| 005 | 20230906191626.0 | ||
| 007 | t| | ||
| 008 | 070214s1942 sp r ||||1| spa d | ||
| 100 | 1 |
_aPolo, Antonio. _992854 |
|
| 245 | 1 | 0 |
_aMisión y sentido de la nueva ley de cooperación / _cAntonio Polo. |
| 260 |
_aMadrid : _b[s.n.], _c1942 ( _fImp. Galo Sèz) |
||
| 300 |
_a149 p. ; _c19 cm. |
||
| 852 |
_aES-MaACL _jC-4417 _bR.24183 |
||
| 999 |
_c120792 _d120792 |
||